Κατάλογος Βιβλιοθηκών Mediterranean College

Project Management / Engineering, Technology and Implementation (Record no. 1061)

MARC details
000 -LEADER
fixed length control field 01590cam a22002294a 4500
005 - ΗΜΕΡΟΜΗΝΙΑ ΚΑΙ ΩΡΑ ΤΕΛΕΥΤΑΙΑΣ ΕΝΗΜΕΡΩΣΗΣ
Πεδίο ελέγχου 20250605163956.0
008 - FIXED-LENGTH DATA ELEMENTS--GENERAL INFORMATION
Πεδίο ελέγχου σταθερού μήκους 250528s ||||||||||||||||||||||||d
035 ## - SYSTEM CONTROL NUMBER
System control number 15482
020 ## - ISBN
ISBN 131027654
040 ## - ΠΗΓΗ ΚΑΤΑΛΟΓΟΓΡΑΦΗΣΗΣ
Φορέας πρωτότυπης καταλογογράφησης MC Athens Campus Library
Γλώσσα καταλογογράφησης Ελληνικά, Μοντέρνα (1453-)
Modifying agency MC Athens Campus Library
Κανόνες περιγραφικής καταλογογράφησης AACR2
245 1# - ΤΙΤΛΟΣ ΚΑΙ ΔΗΛΩΣΗ ΥΠΕΥΘΥΝΟΤΗΤΑΣ
Τίτλος Project Management / Engineering, Technology and Implementation
260 ## - PUBLICATION, DISTRIBUTION, ETC.
Name of publisher, distributor, etc. Prentice Hall,
Date of publication, distribution, etc. 1994
300 ## - PHYSICAL DESCRIPTION
Extent 634
505 0# - FORMATTED CONTENTS NOTE
Formatted contents note Introduction, Engineering Economic Analysis, Project Screening and Selection, Multiple-Criteria Methods for Evaluation, Structuring the Project: Organizational Structure and Work Brekdown Structure, Technological Aspect: Configuration Selection, Management, and Control, Project Scheduling, Project Budget, Resource Management, Life-Cycle Costing, Project Control, Research and Development Projects, Computer Support for Project Management, Project Termination, Short Guide to Superproject Expert, Index.
520 ## - SUMMARY, ETC.
Summary, etc. Introduction, Engineering Economic Analysis, Project Screening and Selection, Multiple-Criteria Methods for Evaluation, Structuring the Project: Organizational Structure and Work Brekdown Structure, Technological Aspect: Configuration Selection, Management, and Control, Project Scheduling, Project Budget, Resource Management, Life-Cycle Costing, Project Control, Research and Development Projects, Computer Support for Project Management, Project Termination, Short Guide to Superproject Expert, Index.
700 1# - ΠΡΟΣΘΕΤΗ ΑΝΑΓΡΑΦΗ--ΦΥΣΙΚΟ ΠΡΟΣΩΠΟ
Personal name Bard F. Jonathan
9 (RLIN) 1413
700 1# - ΠΡΟΣΘΕΤΗ ΑΝΑΓΡΑΦΗ--ΦΥΣΙΚΟ ΠΡΟΣΩΠΟ
Personal name Globerson Shlomo
9 (RLIN) 1414
700 1# - ΠΡΟΣΘΕΤΗ ΑΝΑΓΡΑΦΗ--ΦΥΣΙΚΟ ΠΡΟΣΩΠΟ
Personal name Shtub Avraham
9 (RLIN) 1415
942 ## - ADDED ENTRY ELEMENTS (KOHA)
Koha item type Books
Holdings
Τύπος τεκμηρίου Βιβλιοθήκη Τρέχουσα τοποθεσία Barcode Αριθμός εισαγωγής Ημερομηνία απόκτησης Ταξιθετικό σύμβολο Αριθμός αντιτύπου Κατάσταση απόσυρσης Κατάσταση χαμένου Κατάσταση κατεστραμμένου Μη δανεισμός Σύνολο δανεισμών Ημερομηνία τελευταίας εμφάνισης Η τιμή ισχύει από
Books MC Athens Campus Library MC Athens Campus Library 9780000010605 1827 05/06/2025 658.404 SHT 1           05/06/2025 05/06/2025

MC Athens Campus Library
Πατησίων 94 & Κοδριγκτώνος 13, 104 34
Πελλήνης 8 & Πατησίων 107, 112 51
Τ: +30 210 8899600

MC Thessaloniki Campus Library
Ίωνος Δραγούμη 21, 54625 | Ίωνος Δραγούμη 15, 54625
Τ: +30 2310 287779 – Τ: +30 2314 440300